000 00406nam a2200181Ia 4500
001 11249
005 20260306161932.0
008 260306t2000||||xx |||||||||||||| ||spa||
041 _aESP
082 _a985.02
_bB96 T. 1
100 _aBusto Duthurburu, José Antonio del
_eAUT
245 0 _aPizarro
260 _c2000
300 _a
_c
650 _aGEN
654 _aCHU
942 _cLIB
_dJUS
_fJUS
_2ddc
_n
999 _c11249
_d11249